Platobné praktiky v Európe

Vzťahy medzi správaním pri platení, platobnými podmienkami a vplyvom peňažných tokov na európsku ekonomiku a spoločnosť. Analýza poznatkov týkajúcich sa miestnych platobných zvyklostí v 16 krajinách (inkaso pohľadávok, meškajúce a neuhradené platby, digitalizácia vo fakturácii). Porovnanie štátov oh...

Full description

Saved in:
Bibliographic Details
Format: Book Chapter
Language:Slovak
Subjects:
Tags: Add Tag
No Tags, Be the first to tag this record!

MARC

LEADER 00000naa a2200000 4500
001 0241500
005 20180323133635.9
041 0 |a slo 
044 |a SK 
245 1 0 |a Platobné praktiky v Európe 
520 |a Vzťahy medzi správaním pri platení, platobnými podmienkami a vplyvom peňažných tokov na európsku ekonomiku a spoločnosť. Analýza poznatkov týkajúcich sa miestnych platobných zvyklostí v 16 krajinách (inkaso pohľadávok, meškajúce a neuhradené platby, digitalizácia vo fakturácii). Porovnanie štátov ohľadom návratu likvidity prostredníctvom inkasa pohľadávok. 
610 2 0 |a porovnanie medzinárodné 
610 2 0 |a podmienky platobné 
610 2 0 |a pohľadávky 
610 2 0 |a faktúry 
610 2 0 |a Európa